|
|
|
|
| LEADER |
00000cam a2200000 i 4500 |
| 001 |
1/32348 |
| 008 |
060717s2003 eng d |
| 020 |
|
|
|a 1-901095-21-5
|
| 035 |
|
|
|l 10084652
|
| 040 |
|
|
|a GR-MY-UA
|b gre
|e aacr
|
| 041 |
0 |
|
|a eng
|
| 082 |
0 |
|
|a 428.0071
|2 (22)
|
| 245 |
1 |
0 |
|a IATEFL :
|b 37th International Annual Conference, Brighton, 22-26 April 2003 /
|c edited by Alan Pulverness ; editorial committee Jonathan Marks, Amos Paran, Silvana Richardson
|
| 246 |
3 |
3 |
|a IATEFL 2003
|
| 260 |
|
|
|a Canterbury, Kent :
|b IATEFL,
|c 2003
|
| 300 |
|
|
|a 184 σ.;
|c 21 εκ.
|
| 500 |
|
|
|a Επιλεγμένα πρακτικά συνεδρίου
|
| 650 |
0 |
0 |
|a English language
|x Study and teaching
|x Foreign speakers
|x Congresses.
|
| 700 |
1 |
|
|a Pulverness, Alan.
|4 edt
|
| 710 |
2 |
|
|a International Association of Teachers of English as a Foreign Language
|b International Conference.
|
| 852 |
|
|
|a INST
|b LESVOS
|e 20060717
|h 428.0071 INT
|p 005100036324
|q 005100036324
|t BK
|y 0
|
| 901 |
|
|
|a BIBL1-2006-2
|
| 909 |
|
|
|a Λ
|b 128968
|
| 970 |
|
|
|a ΚΑΡΑ
|b ΓΙΑΣΕΜΗ
|z 2006/07/17
|